La conducta de los organismo (Registro nro. 10790)

000 -CABECERA
Campo de control de longitud fija 01802nam a22002897a 4500
003 - IDENTIFICADOR DEL NÚMERO DE CONTROL
Campo de control OSt
005 - FECHA Y HORA DE LA ÚLTIMA TRANSACCIÓN
Campo de control 20260327145702.0
008 - CÓDIGOS DE INFORMACIÓN DE LONGITUD FIJA
Campo de control de longitud fija 260326t1975 xxu||||| |||| 00| 0 spa d
020 ## - NÚMERO INTERNACIONAL NORMALIZADO PARA LIBROS (ISBN)
Número Internacional Normalizado para Libros (ISBN) 8424403827
040 ## - FUENTE DE LA CATALOGACIÓN
Centro catalogador de origen Unicoc
Lengua de catalogación spa
Centro que cataloga Bogotá (Dr. David Ordóñez Rueda) - Campus Norte
Centro modificador Bogotá (Dr. David Ordóñez Rueda) - Campus Norte
082 ## - NÚMERO DE LA CLASIFICACIÓN DECIMAL DEWEY
Número de clasificación 158.1
100 ## - PUNTO DE ACCESO PRINCIPAL - NOMBRE DE PERSONA
9 (RLIN) 12755
Nombre de persona Skinner, Burrhus Frederic
245 ## - MENCIÓN DE TÍTULO
Título La conducta de los organismo
Subtitulo o Resto del título : un análisis experimental
Mención de responsabilidad etc. / Burrhus Frederic Skinner
250 ## - MENCIÓN DE EDICIÓN
Mención de edición 1 Ed.
260 ## - PUBLICATION, DISTRIBUTION, ETC. (IMPRINT)
Lugar de publicación distribución etc. España :
Nombre del editor distribuidor etc. Fontanella ,
Fecha de publicación distribución etc. 1975
300 ## - DESCRIPCIÓN FÍSICA
Extensión 474 páginas
Otras características físicas Ilustraciones
440 ## - MENCIÓN DE SERIE
9 (RLIN) 12808
Título Colección de Psicología y Psiquiatría
440 ## - MENCIÓN DE SERIE
9 (RLIN) 12806
Título Conducta humana
Número de la parte/sección de una obra 5
520 ## - NOTA DE SUMARIO; ETC.
Sumario etc. Skinner sostiene que la conducta debe ser estudiada como un fenómeno observable y medible, sin recurrir a explicaciones mentales o introspectivas. El eje central de la obra es que la conducta de los organismos está controlada por sus consecuencias: las respuestas que producen consecuencias favorables tienden a repetirse, mientras que aquellas seguidas de consecuencias desfavorables tienden a desaparecer. El autor introduce el concepto de conducta operante, definida como aquella que opera sobre el ambiente y es modificada por los efectos que produce. Para explicar este proceso, Skinner desarrolla experimentalmente el principio del refuerzo, demostrando cómo los estímulos reforzantes aumentan la probabilidad de que una respuesta ocurra de nuevo.
526 ## - NOTA DE INFORMACIÓN SOBRE EL PROGRAMA DE ESTUDIO
Institución que aplica el campo Unicoc
546 ## - NOTA DE LENGUA
Nota de lengua Español
650 #0 - PUNTO DE ACCESO ADICIONAL DE MATERIA - TÉRMINO DE MATERIA
9 (RLIN) 9335
Término de materia o nombre geográfico como elemento inicial Conducta (Psicología)
650 #0 - PUNTO DE ACCESO ADICIONAL DE MATERIA - TÉRMINO DE MATERIA
9 (RLIN) 10631
Término de materia o nombre geográfico como elemento inicial Psicología experimental
658 #0 - TÉRMINO DE INDIZACIÓN - OBJETIVO CURRICULAR
9 (RLIN) 10741
Programa Académico Programa de Psicología
856 ## - LOCALIZACIÓN Y ACCESO ELECTRÓNICOS
Identificador Uniforme del Recurso (URI) https://unicoceduco-my.sharepoint.com/:b:/g/personal/direccionbiblioteca_unicoc_edu_co/IQAoje7lPauZSLpyc5M1oDiWAbGazZHi_ktElTwXsNay8Rs
Texto del enlace Acceso online exclusivo para comunidad Unicoc.
942 ## - ENTRADA PARA ELEMENTOS AGREGADOS (KOHA)
Fuente de clasificación o esquema de ordenación en estanterías
Koha [por defecto] tipo de item Libro electrónico
Existencias
Código de colección Fecha última consulta Localización actual Signatura completa Fuente de clasificación o esquema de ordenación en estanterías Precio Código de barras Fuente de adquisición Estado de pérdida Fecha de adquisición Tipo de item de Koha Estropeado No para préstamo Localización permanente Fecha del precio de reemplazo
Coleccion Online2026-03-26Bogotá (Dr. David Ordóñez Rueda) - Campus Norte158.1 200000.00Ebook10790Compra 2026-03-26Libro electrónico  Bogotá (Dr. David Ordóñez Rueda) - Campus Norte2026-03-26

© 2014 UNICOC | Institución Universitaria Colegios de Colombia - UNICOC
Bogotá D.C. Autopista Norte Km. 20. Teléfono:(571)6683535
Cali: Calle 13 Norte No. 3N-13. Teléfono: (572)6608887

Con tecnología de Koha